000 00584nam a2200205 a 4500
005 20140310183349.0
008 070606s19uu xx 00 eng d
020 _a9780761944089
050 _aLB 2806
_b.B868 2005
100 _aBush, Tony
245 _aLeading and managing people in education /
_cTony Bush.
260 _aLondon :
_bSage Publications,
_c2005.
300 _a219 p. :
_c25 cm.
521 _aEDU
650 _aEducational leadership.
650 _aSchool management and organization.
700 _aMiddlewood, David
942 _cBK
_2lcc
_kFOR
999 _c22035
_d22035